header

Get fit, stay well! / (Record no. 255360)

MARC details
000 -LEADER
fixed length control field 01160cam a2200313 a 4500
001 - CONTROL NUMBER
control field 15370555
003 - CONTROL NUMBER IDENTIFIER
control field OSt
005 - DATE AND TIME OF LATEST TRANSACTION
control field 20170207111757.0
008 - FIXED-LENGTH DATA ELEMENTS--GENERAL INFORMATION
fixed length control field 080717s2009 cauak b 001 0 eng
010 ## - LIBRARY OF CONGRESS CONTROL NUMBER
LC control number 2008031373
020 ## - INTERNATIONAL STANDARD BOOK NUMBER
International Standard Book Number 9780321576576 (pbk.)
International Standard Book Number 0321576578 (pbk.)
040 ## - CATALOGING SOURCE
Original cataloging agency DLC
Transcribing agency DLC
Modifying agency DLC
050 00 - LIBRARY OF CONGRESS CALL NUMBER
Classification number RA781
Item number .H65 2009
082 00 - DEWEY DECIMAL CLASSIFICATION NUMBER
Classification number 613.7/1
Edition number 22
100 1# - MAIN ENTRY--PERSONAL NAME
Personal name Hopson, Janet L.
245 10 - TITLE STATEMENT
Title Get fit, stay well! /
Statement of responsibility, etc Janet L. Hopson, Rebecca J. Donatelle, Tanya R. Littrell.
260 ## - PUBLICATION, DISTRIBUTION, ETC. (IMPRINT)
Place of publication, distribution, etc San Francisco, CA :
Name of publisher, distributor, etc Benjamin Cummings,
Date of publication, distribution, etc c2009.
300 ## - PHYSICAL DESCRIPTION
Extent 1 v. (various pagings) :
Other physical details col. ill., forms ;
Dimensions 28 cm.
504 ## - BIBLIOGRAPHY, ETC. NOTE
Bibliography, etc Includes bibliographical references and index.
650 #0 - SUBJECT ADDED ENTRY--TOPICAL TERM
Topical term or geographic name as entry element Physical fitness
Form subdivision Textbooks.
Topical term or geographic name as entry element Health
Form subdivision Textbooks.
700 1# - ADDED ENTRY--PERSONAL NAME
Personal name Donatelle, Rebecca J.,
Dates associated with a name 1950-
Personal name Littrell, Tanya R.
856 41 - ELECTRONIC LOCATION AND ACCESS
Materials specified Table of contents only
Uniform Resource Identifier <a href="http://www.loc.gov/catdir/toc/ecip0823/2008031373.html">http://www.loc.gov/catdir/toc/ecip0823/2008031373.html</a>
906 ## - LOCAL DATA ELEMENT F, LDF (RLIN)
a 7
b cbc
c orignew
d 1
e ecip
f 20
g y-gencatlg
942 ## - ADDED ENTRY ELEMENTS (KOHA)
Source of classification or shelving scheme Library of Congress Classification
Koha item type Long Loan Books
Holdings
Withdrawn status Lost status Source of classification or shelving scheme Damaged status Not for loan Home library Current library Date acquired Total Checkouts Full call number Date last seen Price effective from Koha item type
    Library of Congress Classification     Rongo University Library Rongo University Library 07/02/2017   RA781 .H65 2009 07/02/2017 07/02/2017 Long Loan Books

© 2026 Rongo University
Contact us: librarian | system librarian | Rongo university